|
|
|
|
| LEADER |
01587cam a22003018i 4500 |
| 001 |
20727067 |
| 003 |
GR-PaULI |
| 005 |
20220721112757.0 |
| 008 |
181031s2019 vau b s001 0 eng |
| 952 |
|
|
|0 0
|1 0
|2 ddc
|4 0
|6 823_809000000000000_36_CHA
|7 0
|9 362745
|a LISP
|b LISP
|c BSC
|d 2022-07-21
|i 258011
|l 0
|o 823.809 36 CHA
|p 025000293935
|r 2022-07-21 00:00:00
|t 1
|w 2022-07-21
|y BK15
|
| 999 |
|
|
|c 211954
|d 211954
|
| 020 |
|
|
|a 9780813942476
|
| 020 |
|
|
|z 9780813942483
|
| 020 |
|
|
|z 9780813942490
|q (e-book)
|
| 040 |
|
|
|a DLC
|b eng
|c DLC
|e AACR2
|d GR-PaULI
|
| 082 |
0 |
0 |
|a 823.809 36
|2 23
|
| 100 |
1 |
|
|a Chang, Elizabeth Hope
|e συγγραφέας
|9 193136
|
| 245 |
1 |
0 |
|a Novel cultivations :
|b plants in British literature of the global nineteenth century /
|c Elizabeth Hope Chang.
|
| 260 |
|
|
|a Charlottesville :
|b University of Virginia Press,
|c 2019.
|
| 300 |
|
|
|a viii, 228 σ. ;
|c 23 εκ.
|
| 504 |
|
|
|a Περιλαμβάνει βιβλιογραφικές περιγραφές (σ. 209-221) και ευρετήριο.
|
| 505 |
0 |
|
|a Detecting the global plant specimen -- Strange city gardens -- Strange country gardens -- Acclimatization abroad -- The sentient specimen returns.
|
| 520 |
|
|
|a "This book looks at the transnational circulation of both people and plants as a feature of Victorian speculative fiction"--
|
| 650 |
|
4 |
|a Αγγλική μυθοπλασία
|y 19ος αιώνας
|x Ιστορία και κριτική
|9 166735
|
| 650 |
|
4 |
|a Φυτά στη λογοτεχνία
|9 135548
|
| 650 |
|
4 |
|a Φύση στη λογοτεχνία
|9 143938
|
| 942 |
|
|
|2 ddc
|c BK
|
| 998 |
|
|
|c ΓΚΟΓΚΟΥ
|d 2022-07
|